मला उमजलेले ओशो (Record no. 145260)

MARC details
000 -LEADER
fixed length control field 00566nam a2200181Ia 4500
008 - FIXED-LENGTH DATA ELEMENTS--GENERAL INFORMATION
fixed length control field 090124s9999 xx 000 0 und d
082 ## - DEWEY DECIMAL CLASSIFICATION NUMBER
Item number 31780
Classification number 2133
100 ## - MAIN ENTRY--PERSONAL NAME
Personal name स्वामी आनंदऋषी
245 ## - TITLE STATEMENT
Title मला उमजलेले ओशो
250 ## - EDITION STATEMENT
Edition statement 1
260 ## - PUBLICATION, DISTRIBUTION, ETC. (IMPRINT)
Date of publication, distribution, etc 2002
300 ## - PHYSICAL DESCRIPTION
Extent 325
600 ## - SUBJECT ADDED ENTRY--PERSONAL NAME
Personal name स्वामी आनंदऋषी
630 ## - SUBJECT ADDED ENTRY--UNIFORM TITLE
Uniform title मला उमजलेले ओशो
700 ## - ADDED ENTRY--PERSONAL NAME
Personal name स्वामी आनंदऋषी
730 ## - ADDED ENTRY--UNIFORM TITLE
Uniform title मला उमजलेले ओशो
942 ## - ADDED ENTRY ELEMENTS (KOHA)
Koha item type Book
Holdings
Withdrawn status Lost status Damaged status Not for loan Home library Current library Date acquired Cost, normal purchase price Total Checkouts Full call number Barcode Date last seen Cost, replacement price Price effective from Koha item type
        Marathi Granth Sangrahalaya,Thane Marathi Granth Sangrahalaya,Thane   250.00   31780 THNMGS-31780 01/24/2009 250.00 01/24/2009 Book